| 000 | 01239nam a2200277 a 4500 | ||
|---|---|---|---|
| 001 | 79796 | ||
| 003 | BD-RjUL | ||
| 005 | 20220512160348.0 | ||
| 008 | 070723s1954 ua 000 0 ara d | ||
| 035 | _a(BD-RjUL)79796 | ||
| 040 |
_aHUJI _bara _cBD-RjUL |
||
| 041 | 0 | _aara | |
| 082 |
_223 _a665.55 056 _bSHB 1954 |
||
| 090 | 1 | 1 | _a327/شاكر |
| 100 | 1 |
_a[Shakir, Amin] شاكر، امين _91090 |
|
| 245 | 1 | 2 |
_aالبترول والسياسة العربية /[albitrul walsiyasat alearabiat] / _cاشترك فى اخراج هذا الكتاب امين شاكر [و]سعيد العريان [و]توفيق مقار.[ashtarak faa akhiraj hadha alkitab amin shakir [w]saeid aleuryan [w]twfiq maqari.] |
| 260 |
_aمصر :Misr : _bدار المعارف, _c1954(?). |
||
| 300 |
_a٢٠٨ص :208 _bخرائط. _c22 cm |
||
| 490 | 1 |
_aakhtarna lak ; اخترنا لك ؛ _v٠٠٧ 700 |
|
| 650 | 4 |
_aPetroleum industry and trade _zArab countries _xEconomic aspects. _92991 |
|
| 650 | 4 |
_aPetroleum industry and trade _xPolitical aspects _zArab countries _92992 |
|
| 700 | 1 |
_a[ Arian sayid] العريان، سعيد _92998 |
|
| 700 | 1 |
_a[Makar, Tawfiq ]]مقار، توفيق _92999 |
|
| 830 | 0 |
_aاخترنا لك ؛ _v٠٠٧. |
|
| 942 |
_2ddc _cBK |
||
| 999 |
_c79796 _d79796 |
||